000 00820nam a2200241 i 4500
001 59820
003 ES-MaACL
005 20230906164114.0
007 t|
008 031031s1971 sp ||||1| spa d
100 1 _aEnneccerus, Ludwig.
_947250
245 1 0 _aTratado de derecho civil /
_cpor Ludwig Enneccerus, Theodor Kipp y Martin Wolff ; traducción con anotaciones de Blas Pérez González y José Alguer.
250 _a3ª ed.
260 _aBarcelona :
_bBosch,
_c[1971]
300 _a1 t. en 2 v. ;
_c25 cm.
505 8 _aContiene: T. III: Derecho de cosas / por Martin Wolff
700 1 _aKipp, Theodor.
_968088
700 1 _aWolff, Martin.
_9117259
700 1 _aPérez González, Blas.
_990910
700 1 _aAlguer, José.
_919907
740 0 _aDerecho de cosas.
852 _aES-MaACL
_jP-1517
_bR.78373
999 _c59820
_d59820